Оценка работоспособности полиэтиленовых труб с дефектами при эксплуатации трубопроводов сетей газораспределения; Современные проблемы машиностроения

Dettagli Bibliografici
Parent link:Современные проблемы машиностроения.— 2017.— [С. 25-29]
Autore principale: Ворончихина П. В.
Altri autori: Зюков К. Д. (научный руководитель), Назарова М. Н.
Riassunto:Заглавие с экрана
Lingua:russo
Pubblicazione: 2017
Soggetti:
Accesso online:http://earchive.tpu.ru/handle/11683/46136
Natura: MixedMaterials Elettronico Capitolo di libro
KOHA link:https://koha.lib.tpu.ru/cgi-bin/koha/opac-detail.pl?biblionumber=626116

MARC

LEADER 00000naa2a2200000 4500
001 626116
005 20231101133409.0
035 |a (RuTPU)RU\TPU\conf\25412 
035 |a RU\TPU\conf\25411 
090 |a 626116 
100 |a 20180206d2017 k y0rusy50 ca 
101 0 |a rus 
102 |a RU 
105 |a y z 101zy 
135 |a drcn ---uucaa 
181 0 |a i  
182 0 |a b 
200 1 |a Оценка работоспособности полиэтиленовых труб с дефектами при эксплуатации трубопроводов сетей газораспределения  |f П. В. Ворончихина, К. Д. Зюков  |g науч. рук. М. Н. Назарова 
203 |a Текст  |c электронный 
230 |a 1 компьютерный файл (pdf; 320 Kb) 
300 |a Заглавие с экрана 
320 |a [Библиогр.: с. 29 (9 назв.)] 
463 0 |0 (RuTPU)RU\TPU\conf\25376  |t Современные проблемы машиностроения  |o сборник научных трудов XI Международной научно-технической конференции, г. Томск, 4-6 декабря 2017 г.  |f Национальный исследовательский Томский политехнический университет (ТПУ) ; под ред. А. К. Томилина  |v [С. 25-29]  |d 2017 
610 1 |a электронный ресурс 
610 1 |a промышленность 
610 1 |a производства 
610 1 |a трубопроводы 
610 1 |a проектирование 
610 1 |a газопроводы 
610 1 |a аварийные ситуации 
610 1 |a полиэтилен 
700 1 |a Ворончихина  |b П. В. 
701 1 |a Зюков  |b К. Д. 
702 1 |a Назарова  |b М. Н.  |4 727 
801 2 |a RU  |b 63413507  |c 20180207  |g RCR 
856 4 |u http://earchive.tpu.ru/handle/11683/46136 
942 |c BK